CS:GO Teams - Statistics

General Stats
  • This quiz has been taken 839 times
    765 since last reset
  • The average score is 16 of 30
Answer Stats
Rank (HLTV) Players Team % Correct
#1 device, gla1ve, Xyp9x, dupreeh, Magisk Astralis
95%
#11 s1mple, electronic, flamie, Boombl4, GuardiaN Natus Vincere
92%
#7 olofmeister, NiKo, coldzera, rain, broky FaZe Clan
91%
#4 nitr0, EliGE, NAF, Twistzz, Stewie2K Team Liquid
87%
#5 RpK, shox, ZyWoO, apEX, ALEX Vitality
87%
#3 JW, KRiMZ, Brollan, Golden, Brollan Fnatic
85%
#14 kennyS, huNter-, AmaNEk, nexa, JaCkz G2 Esports
85%
#8 GeT_RiGhT, f0rest, Lekr0, REZ, Plopski Ninjas in Pyjamas
84%
#22 Snax, MICHU, phr, Vegi, snatchie Virtus.pro
81%
#12 karrigan, chrisJ, woxic, ropz, frozen mousesports
78%
#10 HEN1, VINI, KSCERATO, arT, yuurih FURIA
71%
#13 allu, suNny, Aerial, sergej, xseveN ENCE
69%
#24 tiziaN, tabseN, XANTARES, nex, smooya BIG
65%
#16 Snappi, cadiaN, es3tag, b0RUP, stavn Heroic
65%
#15 FalleN, fer, TACO, kNgV-, LUCAS1 MIBR
59%
#2 stanislaw, tarik, CeRq, Ethan, Brehze Evil Geniuses
47%
#9 Jame, qikert, SANJI, AdreN, buster AVANGAR
44%
#21 aizy, cajunb, JUGi, gade, Kjaerbye North
38%
#6 AZR, jks, jkaem, Liazz, Gratisfaction 100 Thieves
35%
#18 dexter, Sico, malta, DickStacy, INS Grayhound
32%
#17 FL1T, xsepower, Jerry, facecrack, almazer forZe
30%
#23 faven, Spiidi, denis, k1to, syrsoN Sprout
27%
#29 ryann, FugLy, Nifty, s0m, ANDROID Envy
21%
#19 emi, LETN1, ottoNd, SHiPZ, EspiranTo CR4ZY
20%
#30 sh1ro, supra, interz, nafany, Ax1Le Gambit Youngsters
16%
#27 sLowi, ZOREE, sAw, doto, hoody HAVU
15%
#20 HUNDEN, acoR, sjuush, roeJ, Bubzkji Tricked
10%
#25 innocent, reatz, mono, oskarish, STOMP Illuminar
8%
#26 TaZ, MINISE, rallen, dycha, mouz Aristocracy
6%
#28 exit, leo_druNky, jnt, meyern, Luken Sharks
6%
No matching quizzes found
Score Distribution
Percent of People with Each Score
Percentile by Number Answered
Your Score History
You have not taken this quiz since the last reset